Јаҥы јол (Запись № 1363)
[ простой вид ]
| 000 -МАРКЕР | |
|---|---|
| контрольное поле | 01392nas1a22002531 4500 |
| 001 - ИДЕНТИФИКАТОР ЗАПИСИ | |
| контрольное поле | RU\NLR\BIBL_A\011248723 |
| 005 - ИДЕНТИФИКАТОР ВЕРСИИ | |
| контрольное поле | 20250807190205.0 |
| 035 ## - ДРУГИЕ СИСТЕМНЫЕ НОМЕРА | |
| Идентификатор записи | (NLR Aleph) 011248723 |
| 100 ## - ДАННЫЕ ОБЩЕЙ ОБРАБОТКИ | |
| Данные общей обработки | 20250807 rusy50 |
| 101 0# - ЯЗЫК РЕСУРСА | |
| Язык текста, звукозаписи и т.д. | алтайский, горно-алтайский, ойротский, южно-алтайский |
| 102 ## - СТРАНА ПУБЛИКАЦИИ ИЛИ ПРОИЗВОДСТВА | |
| Страна публикации | российская федерация |
| 110 ## - ПОЛЕ КОДИРОВАННЫХ ДАННЫХ: ПРОДОЛЖАЮЩИЕСЯ РЕСУРСЫ | |
| Кодированные данные продолжающегося ресурса | cfuzz 0|y| |
| 200 1# - ЗАГЛАВИЕ И СВЕДЕНИЯ ОБ ОТВЕТСТВЕННОСТИ | |
| Основное заглавие | Јаҥы јол |
| Сведения, относящиеся к заглавию | КПСС-тиҥ Кош-Агаштагы районный комитединиҥ ле ишкӱчиле јаткандардыҥ депутаттарыныҥ аймачный Совединиҥ газеди |
| 210 ## - ПУБЛИКАЦИЯ, РАСПРОСТРАНЕНИЕ И ДР. | |
| Место издания, распространения и т.д. | с. Кош-Агач |
| Дата издания, распространения и т.д. | 1932-1959 |
| 300 ## - ОБЩИЕ ПРИМЕЧАНИЯ | |
| Текст примечания | Подзаг.: 1932: БСК(Б)П-ҥ Кӧш-Агаш аймак комитединиҥ, аймак Совет комитединиҥ ле Аймпрофсоветтиҥ газеди; 1938, № 11 (315) - 1940, № 5(388): Орган Кош-Агачского РК ВКП(б) и АИК'а; 1940 № 6 (389) - 1959, № 100 (1490): КПСС-тиҥ Кош-Агаштагы районный комитединиҥ ле ишкӱчиле јаткандардыҥ депутаттарыныҥ аймачный Совединиҥ газеди |
| 541 1# - ПЕРЕВОД ЗАГЛАВИЯ, СДЕЛАННЫЙ КАТАЛОГИЗАТОРОМ | |
| Заглавие | [Новый путь] |
| Язык заглавия | русский |
| 852 ## - МЕСТОНАХОЖДЕНИЕ И ШИФР ХРАНЕНИЯ | |
| Идентификатор организации | NLR |
| Наименование фонда или коллекции (Sub-Location Identifier) | ОНЛ |
| Шифр хранения (Call Number) | Алт.г./1-2 |
| 942 ## - ДОПОЛНИТЕЛЬНЫЕ ЭЛЕМЕНТЫ ЗАПИСИ (АБИС) | |
| Тип экземпляра АБИС | Газета |
| 945 ## - Информацию об издании предоставили: | |
| Полное название организации, предоставившей материал | Российская национальная библиотека |
| 980 ## - КОЛЛЕКЦИЯ | |
| Название коллекции | Национальная библиография |
| 980 ## - КОЛЛЕКЦИЯ | |
| Название коллекции | Библиография Победы |
| 980 ## - КОЛЛЕКЦИЯ | |
| Название коллекции | Периодика ОНЛ |
Нет доступных экземпляров.





